Eastern Quiz - Statistics

General Stats
  • This quiz has been taken 8 times
  • The average score is 13 of 20
Answer Stats
Hint Answer % Correct
3) Star of Dirty Harry Clint Eastwood
100%
17) This area includes Somalia, Kenya,Ethiopia and Tanzania East Africa
100%
8) Remote Chilean island home to thelarge Moai statues Easter Island
100%
5) German communist statethat dissolved in 1990 East Germany
100%
19) Its capital is Dili East Timor
100%
2) Sea between China and the southern Japanese islands East China
88%
12) This region includes Saudi Arabia,Qatar, Jordan, etc Middle East
88%
9) Term for a large snowstorm in theNew England area of the US Nor Easter
75%
7) Group of communist states thataligned with the Soviet Union during the Cold War Eastern Bloc
63%
11) The battle of Stalingrad was foughtin this theater of WW2 Eastern Front
63%
10) John Steinbeck novel about family life in the California valley East of Eden
63%
18) The Meadowlands Stadium is locatedin this NJ town East Rutherford
63%
4) Term for the region of Japan,China and Korea Far East
63%
6) Norwich is the largest cityin this UK region East Anglia
50%
16) Also known as the Byzantine Empire Eastern Roman
50%
15) This NFL division consists of the Patriots, Bills, Dolphins and Jets AFC East
38%
20) Jerry Reed hit song Eastbound and Down
25%
1) Bhisho is the capital of thisSouth African province Eastern Cape
13%
13) Tsuga canadensis is another name forthis plant Eastern Hemlock
13%
14) This massive fair is held annually eachfall in Springfield, MA. Also called the Big E Eastern States Exposition
0%
No matching quizzes found
Score Distribution
Percent of People with Each Score
Percentile by Number Answered
Your Score History
You have not taken this quiz